| 000 | 00836nam a2200265 a 4500 | ||
|---|---|---|---|
| 001 | 61052 | ||
| 003 | BD-RjUL | ||
| 005 | 20211209080921.0 | ||
| 008 | 170114s1998 njua 001 0 eng d | ||
| 020 | _a0137419848 | ||
| 035 | _a(BD-RjUL)61176 | ||
| 040 |
_aDLC _cDLC _dDLC _dBD-RjUL _beng |
||
| 041 | _aeng | ||
| 082 | 0 | 0 |
_a657 _223 _bHAF 1998 |
| 100 | 1 |
_aHarrison, Walter T. _9182197 |
|
| 245 | 1 | 0 |
_aFinancial accounting / _cWalter T. Harrison, Jr., Charles T. Horngren. |
| 250 | _a3rd ed. | ||
| 260 |
_aUpper Saddle River, N.J. : _bPrentice Hall, _cc1998. |
||
| 300 |
_axxxii, 773, 8, 13 p. : _bill. (some col.) ; _c29 cm. |
||
| 500 | _a"Charles T. Horngren series in accounting"--Facing t.p. | ||
| 500 | _aIncludes index. | ||
| 650 | 0 |
_aAccounting. _9175106 |
|
| 700 | 1 |
_aHorngren, Charles T., _d1926- _9179790 |
|
| 942 |
_2ddc _cBK |
||
| 999 |
_c61052 _d61052 |
||